000 00265nam a2200109Ia 4500
008 190216s9999||||xx |||||||||||||| ||und||
100 _aRudrabasavaraj M N
245 0 _aDynamic Personnel Administration
260 _bS Chand & Co
_c1998
300 _a720p
942 _cBK
999 _c5704
_d5704